00314nam a2200109Ia 4500008004100000040001700041041001200058082001600070100001600086245009100102300001100193230917s9999||||xx |||||||||||||| ||und|| e183860aMAIN aEnglish a34:365 B73P aBrham, Kaur 0aPrison system in India with special reference to the working of Rohtak District Prison a143 p.